000 00863nam a22002417a 4500
001 44617
003 BD-RjUL
005 20211209053906.0
008 160718s1976 bg ||||| |||| 00| 0 ben d
020 _c: TK 25.00
035 _a(BD-RjUL)44735
040 _aBD-RjUL
_bben
_cBD-RjUL
041 _aben
082 _223
_a297
_bGAM 1976
100 _aগাযযালী, ইমাম
_9136865
245 1 0 _aমিনহাজুল আবেদীন :
_bইবাদত সোপান /
_cইমাম গাযযালী
260 _aঢাকা :
_bবাংলা একাডেমী,
_c১৯৭৬
300 _a[৩৪], ৩৯৬ পৃ. ;
_c২১ সেমি.
650 _aইসলাম
_9136866
650 _aIslam
_9136867
700 _aরহমান, মুজীবুর, অনুবাদ
_9136868
942 _2ddc
_cBK
999 _c44617
_d44617